| 000 | 00407nam a2200157Ia 4500 | ||
|---|---|---|---|
| 005 | 20250703024552.0 | ||
| 008 | 240331s9999 xx 000 0 und d | ||
| 020 | _a9789551188719 | ||
| 082 |
_bKAN _a920 |
||
| 245 | 0 | _aKantharaye kusuma | |
| 260 |
_aColombo _bFast Publishing Private Limited _c2007 |
||
| 300 | _a282 p ., | ||
| 500 | _aTranslation of Wairis Diary | ||
| 700 |
_aKuruppu,R. _eedt |
||
| 942 | _cL | ||
| 999 |
_c4587 _d4587 |
||